<?xml version="1.0" encoding="UTF-8"?>
<record
    xmlns:xsi="http://www.w3.org/2001/XMLSchema-instance"
    xsi:schemaLocation="http://www.loc.gov/MARC21/slim http://www.loc.gov/standards/marcxml/schema/MARC21slim.xsd"
    xmlns="http://www.loc.gov/MARC21/slim">

  <leader>01898njm a2200361Ia 4500</leader>
  <controlfield tag="001">26822</controlfield>
  <controlfield tag="003">IT-RoPAU</controlfield>
  <controlfield tag="005">20220918181132.0</controlfield>
  <controlfield tag="008">131025s9999    xx            000 0 und d</controlfield>
  <datafield tag="040" ind1=" " ind2=" ">
    <subfield code="a">IT-RoPAU</subfield>
  </datafield>
  <datafield tag="040" ind1=" " ind2=" ">
    <subfield code="c">IT-RoPAU</subfield>
  </datafield>
  <datafield tag="041" ind1=" " ind2=" ">
    <subfield code="a">INGLESE</subfield>
  </datafield>
  <datafield tag="999" ind1=" " ind2=" ">
    <subfield code="c">100671</subfield>
    <subfield code="d">100671</subfield>
  </datafield>
  <datafield tag="999" ind1=" " ind2=" ">
    <subfield code="b">n.d.</subfield>
  </datafield>
  <datafield tag="100" ind1=" " ind2=" ">
    <subfield code="a">Level 42 </subfield>
    <subfield code="9">16938</subfield>
  </datafield>
  <datafield tag="100" ind1=" " ind2=" ">
    <subfield code="e">Autore musica</subfield>
    <subfield code="9">16939</subfield>
  </datafield>
  <datafield tag="100" ind1=" " ind2=" ">
    <subfield code="g">Codice autore musica SPICS: 10073</subfield>
    <subfield code="9">16940</subfield>
  </datafield>
  <datafield tag="245" ind1=" " ind2=" ">
    <subfield code="a">World Machine</subfield>
  </datafield>
  <datafield tag="250" ind1=" " ind2=" ">
    <subfield code="a">1a ed.</subfield>
  </datafield>
  <datafield tag="260" ind1=" " ind2=" ">
    <subfield code="a">LONDRA</subfield>
  </datafield>
  <datafield tag="260" ind1=" " ind2=" ">
    <subfield code="b">POLYDOR INC</subfield>
    <subfield code="c">1985 [1a Ed.:1985 - Ed. Lingua Orig.: 1985]</subfield>
  </datafield>
  <datafield tag="300" ind1=" " ind2=" ">
    <subfield code="a">DISCO</subfield>
  </datafield>
  <datafield tag="300" ind1=" " ind2=" ">
    <subfield code="c">45 minuti (Testo:  pag.)</subfield>
  </datafield>
  <datafield tag="500" ind1=" " ind2=" ">
    <subfield code="a">Musica pop</subfield>
  </datafield>
  <datafield tag="505" ind1=" " ind2=" ">
    <subfield code="a">I Sleep On My Heart (5:00) - Good Man In A Storm (5:00) - Coup d'etat (4:00) - Lying Still (6:00) - World Machine (6:00) - Physical Presence (6:00) - Something About You (5:00) - Leaving Me Now (6:00)</subfield>
  </datafield>
  <datafield tag="650" ind1=" " ind2=" ">
    <subfield code="a">POP [DISCHI]</subfield>
    <subfield code="e">Codice MATERIA SPICS: 9950</subfield>
    <subfield code="9">1001</subfield>
  </datafield>
  <datafield tag="700" ind1=" " ind2=" ">
    <subfield code="a">Level 42 </subfield>
    <subfield code="g">Codice interprete SPICS: 10073</subfield>
    <subfield code="e">Interprete</subfield>
    <subfield code="9">16941</subfield>
  </datafield>
  <datafield tag="700" ind1=" " ind2=" ">
    <subfield code="a">King Mark</subfield>
    <subfield code="g">Codice autore musica SPICS: 20338</subfield>
    <subfield code="e">Autore musica</subfield>
    <subfield code="p">I Sleep On My Heart - Good Man in a Storm - Coup d'etat - Lying Still - Physical Presence - Leaving Me Now</subfield>
    <subfield code="9">16942</subfield>
  </datafield>
  <datafield tag="700" ind1=" " ind2=" ">
    <subfield code="a">Gould Phil</subfield>
    <subfield code="g">Codice autore SPICS: 28144</subfield>
    <subfield code="e">Autore</subfield>
    <subfield code="p">I Sleep On My Heart - It's Not the Same For Us - Good Man In A Storm - Coup d'etat - World Machine - Physical Presence - Something About You - Leaving Me Now</subfield>
    <subfield code="9">16943</subfield>
  </datafield>
  <datafield tag="700" ind1=" " ind2=" ">
    <subfield code="a">Badarou Wally</subfield>
    <subfield code="g">Codice autore testo/musica SPICS: 20335</subfield>
    <subfield code="e">Autore testo/musica</subfield>
    <subfield code="p">I Sleep On My Heart - It's Not the Same For Us - Lying Still - World Machine - Something About You - Leaving Me Now</subfield>
    <subfield code="9">16944</subfield>
  </datafield>
  <datafield tag="700" ind1=" " ind2=" ">
    <subfield code="a">Lindup Mike</subfield>
    <subfield code="g">Codice autore testo/musica SPICS: 20337</subfield>
    <subfield code="e">Autore testo/musica</subfield>
    <subfield code="p">It's Not the Same For Us - World Machine - Something About You</subfield>
    <subfield code="9">16945</subfield>
  </datafield>
  <datafield tag="700" ind1=" " ind2=" ">
    <subfield code="a">Gould R.</subfield>
    <subfield code="g">Codice autore SPICS: 20336</subfield>
    <subfield code="e">Autore</subfield>
    <subfield code="p">Lying Still</subfield>
    <subfield code="9">16946</subfield>
  </datafield>
  <datafield tag="942" ind1=" " ind2=" ">
    <subfield code="c">MD</subfield>
    <subfield code="2">ddc</subfield>
  </datafield>
  <datafield tag="952" ind1=" " ind2=" ">
    <subfield code="0">0</subfield>
    <subfield code="1">0</subfield>
    <subfield code="4">0</subfield>
    <subfield code="6">26822_000000000000000</subfield>
    <subfield code="7">1</subfield>
    <subfield code="a">SPICS</subfield>
    <subfield code="b">SPICS</subfield>
    <subfield code="d">2013-10-25</subfield>
    <subfield code="l">0</subfield>
    <subfield code="o">26822</subfield>
    <subfield code="r">2013-10-25 00:00:00</subfield>
    <subfield code="w">2013-10-25</subfield>
    <subfield code="y">MD</subfield>
    <subfield code="z">Progr. Ins.: 6379 / N.Vol.: 1 / Copie: 1 - Copia rara: n.d. / date import: 01.01.2014 - By Epidotti, Trombetti, Vaglietti</subfield>
  </datafield>
</record>
